| 000 | 05650cam a22018854u 4500 | ||
|---|---|---|---|
| 003 | PE-LiUPU | ||
| 005 | 20250813165450.0 | ||
| 008 | 110726s20102016ag a r 00i 0 spa d | ||
| 020 | _a9500609010 | ||
| 020 | _a9789500609012 | ||
| 035 | _a(Sirsi) i9789500609012 | ||
| 040 |
_aUDANT _bspa _cUDANT _dBNM _dPE-LiUPU _erda |
||
| 049 | _aPRUA | ||
| 082 | 0 | 4 |
_a615.836 _bCh548 2010 |
| 100 | 1 |
_aChiappero, Guillermo Ricardo. _eautor. |
|
| 245 | 1 | 0 |
_aVentilación mecánica : _blibro del comité de Neumonología Crítica de la SATI. / _cGuillermo R. Chiappero, Fernando Villarejo. |
| 250 | _aSegunda edición. | ||
| 264 |
_aBuenos Aires : _bMédica Panamericana, _c2010. |
||
| 300 |
_axxi, 506 páginas : _bilustraciones, _c21 centímetros |
||
| 336 |
_atext _2rdacontent |
||
| 337 |
_aunmediated _2rdamedia |
||
| 338 |
_avolume _2rdacarrier |
||
| 504 | _aIncluye referencias bibliográficas. | ||
| 505 | 0 | _aGeneralidades y fisiopatología: Fisiología respiratoria aplicada a la ventilación médica -- Mecanismos de intercambio gaseoso anormal -- Clasificación y bases tecnológicas de los ventiladores -- Interfaces paciente-ventilador -- Monitorización del paciente ventilado -- Interacciones cardiopulmonares en la ventilación mecánica con presión positiva -- Fisiopatología del síndrome de dificultad respiratoria aguda -- Modos ventilatorios -- Situaciones específicas relacionadas con la ventilación mecánica: Ventilación mecánica en la lesión pulmonar aguda grave. Algunas sugerencias para la hipoxemia refractaria -- Ventilación mecánica en pacientes con obstrucción al flujo aéreo -- Adaptación del paciente al ventilador -- Protocolos de analgesia y sedación aplicados a la VM -- Suspensión de la ventilación mecánica -- Ventilación mecánica no invasiva -- Cuidados del paciente en ventilación mecánica -- Consideraciones especiales: Nuevos modos de ventilación mecánica -- Consideraciones pediátricas -- Prevención de la neumonía asociada a la ventilación mecánica. | |
| 526 | _aP203 | ||
| 526 | _aP200 | ||
| 526 | _aSEG65 | ||
| 526 | _aSEG64 | ||
| 526 | _aSEG63 | ||
| 526 | _aSEG62 | ||
| 526 | _aSEG61 | ||
| 526 | _aSEG60 | ||
| 526 | _aSEG59 | ||
| 526 | _aSEG58 | ||
| 526 | _aSEG57 | ||
| 526 | _aSEG56 | ||
| 526 | _aSEG55 | ||
| 526 | _aSEG54 | ||
| 526 | _aSEG53 | ||
| 526 | _aSEG52 | ||
| 526 | _aSEG51 | ||
| 526 | _aSEG50 | ||
| 526 | _aSEG49 | ||
| 526 | _aSEG48 | ||
| 526 | _aSEG47 | ||
| 526 | _aSEG46 | ||
| 526 | _aSEG24 | ||
| 526 | _aSEG23 | ||
| 526 | _aSEG22 | ||
| 526 | _aSEG21 | ||
| 526 | _aSEG20 | ||
| 526 | _aSEG19 | ||
| 526 | _aSEG18 | ||
| 526 | _aSEG17 | ||
| 526 | _aSEG16 | ||
| 526 | _aSEG14 | ||
| 526 | _aSEG13 | ||
| 526 | _aSEG12 | ||
| 526 | _aSEG11 | ||
| 526 | _aSEG10 | ||
| 526 | _aSEG09 | ||
| 526 | _aSEG06 | ||
| 526 | _aSEG05 | ||
| 526 | _aSEG04 | ||
| 526 | _aSEG03 | ||
| 526 | _aSEG02 | ||
| 526 | _aSEG68 | ||
| 526 | _aSEG66 | ||
| 526 | _aSEG45 | ||
| 526 | _aSEG25 | ||
| 526 | _aSEG01 | ||
| 526 | _aP163 | ||
| 526 | _aP162 | ||
| 526 | _aP161 | ||
| 526 | _aP160 | ||
| 526 | _aP159 | ||
| 526 | _aP158 | ||
| 526 | _aP157 | ||
| 526 | _aP156 | ||
| 526 | _aP155 | ||
| 526 | _aP154 | ||
| 526 | _aP153 | ||
| 526 | _aP152 | ||
| 526 | _aP151 | ||
| 526 | _aP150 | ||
| 526 | _aP149 | ||
| 526 | _aP142 | ||
| 526 | _aP141 | ||
| 526 | _aP140 | ||
| 526 | _aP139 | ||
| 526 | _aP138 | ||
| 526 | _aP137 | ||
| 526 | _aP132 | ||
| 526 | _aP131 | ||
| 526 | _aP130 | ||
| 526 | _aP126 | ||
| 526 | _aP125 | ||
| 526 | _aP124 | ||
| 526 | _aP123 | ||
| 526 | _aP115 | ||
| 526 | _aP122 | ||
| 526 | _aP121 | ||
| 526 | _aP116 | ||
| 526 | _a P114 | ||
| 526 | _aP112 | ||
| 526 | _aP111 | ||
| 526 | _aP104 | ||
| 526 | _aP103 | ||
| 526 | _aP102 | ||
| 526 | _aP101 | ||
| 526 | _aP100 | ||
| 526 | _aP96 | ||
| 526 | _aP95 | ||
| 526 | _aP93 | ||
| 526 | _aP92 | ||
| 526 | _aP91 | ||
| 526 | _aP88 | ||
| 526 | _aP83 | ||
| 526 | _aP82 | ||
| 526 | _aP79 | ||
| 526 | _aP78 | ||
| 526 | _aP75 | ||
| 526 | _aP74 | ||
| 526 | _aP71 | ||
| 526 | _aP69 | ||
| 526 | _a P51 | ||
| 526 | _aP49 | ||
| 526 | _aP48 | ||
| 526 | _aP47 | ||
| 526 | _aP33 | ||
| 526 | _aP31 | ||
| 526 | _a P30 | ||
| 526 | _aP29 | ||
| 526 | _aP27 | ||
| 526 | _aP26 | ||
| 526 | _aP25 | ||
| 526 | _aP24 | ||
| 526 | _a P22 | ||
| 526 | _aP10 | ||
| 526 | _aP09 | ||
| 526 | _a P08 | ||
| 526 | _aP06 | ||
| 526 | _aP05 | ||
| 526 | _aP04 | ||
| 526 | _aP01 | ||
| 526 | 8 |
_iPrograma académico : _5PE-LiUPU |
|
| 541 | _g0024188; | ||
| 541 | _g0001-000549; | ||
| 650 | 0 | _aMedicina. | |
| 650 | 7 |
_aRespiración artificial. _2embne |
|
| 700 | 1 |
_aVillarejo, Fernando. _eautor. |
|
| 910 |
_armch _btqv _crmch _d20170718 |
||
| 910 |
_adbm _bncf _cncf _d20171204 |
||
| 942 |
_2ddc _cBOOK |
||
| 949 |
_a615.836 Ch548 2010 _wDEWEY _c1 _iFJ08092 _lCCODEBUJ1 _mBUJ _p38.86 _r0 _sY _tBOOK _u2017-07-18 _xSALUD _PP22 _0COMPRA _o.STAFF. Colección General Juliaca |
||
| 994 |
_aC0 _bPEPRU |
||
| 596 | _a1 3 | ||
| 999 |
_a615.836 CH548 2010 _wDEWEY _c24636 _iFJ08092 _d24636 _e2018-4-23 _f2022-1-25 _g4 _lCCODEBUJ1 _mBUJ _n1 _p38.86 _r0 _sY _tBOOK _u2017-7-18 _xSALUD _zP22 _0COMPRA _o.STAFF. Colección General Juliaca |
||
| 999 |
_a615.836 C548 _wDEWEY _c1 _i77314 _d2019-9-17 _e2019-5-29 _f2021-11-4 _g4 _lCCODEBUL1 _mBUL _n5 _p91.81 _q4 _r0 _sY _tBOOK _u2017-12-4 _xSALUD _zP69 _0COMPRA _o.STAFF. Colección Ciencias de la Salud |
||
| 980 |
_81 _gALBERTO SANCHEZ Responsable de Automatización |
||